00499nam a2200109Ia 4500008004100000050002600041100003100067245014200098260008600240300003300326521003000359140724s9999 xx 000 0 und d aHF 5549.5b.P579 2006 aPiad, Rexianne Caroline M. 4aThe impact of the different motivational tools on employee performance in CMP Federal Security Agency, Inc. /cRexianne Caroline M. Piad. aLas Piñas, Philippines :bSouthville International School and Colleges,cc2006. a97 p. :bcol. Ill. ;c28 cm. aHuman Resource Management